| 000 | 00000nam##2200000za#4500 |
| 001 | 9.581173 |
| 003 | CaOODSP |
| 005 | 20210624191407 |
| 007 | cr ||||||||||| |
| 008 | 150406|2004||||xxc|||||o f|0| 0 eng|d |
| 040 | |aCaOODSP|beng |
| 043 | |an-cn--- |
| 086 | 1 |aNH18-22/104-121E-PDF |
| 110 | 2 |aCanada Mortgage and Housing Corporation. |
| 245 | 10|aField testing of "spillage-resistant" appliances |h[electronic resource] |
| 250 | |aRevised 2010 |
| 260 | |aOttawa - Ontario : |bCanada Mortgage and Housing Corporation |cc2004, 2010. |
| 300 | |a4p.|btable |
| 490 | 1 |aResearch highlight. Technical series |v04-121 |
| 500 | |aFile reproduced from original print. |
| 590 | |a14-20-Supp|b2014-11-25 |
| 775 | 08|tEssai en service d'appareils ne rejetant pas d'émanations de gaz de combustion |w(CaOODSP)9.608020 |
| 776 | 0#|tField testing of "spillage-resistant" appliances |w(CaOODSP)9.617091 |
| 830 | #0|aResearch highlight. Technical series ;|v04-121|w(CaOODSP)9.504482 |
| 856 | 40|ahttp://publications.gc.ca|qPDF|s91 KB|uhttps://publications.gc.ca/collections/collection_2014/schl-cmhc/NH18-22-104-121-eng.pdf|y04-121 |